000
00207nam a22000857a 4500
999
_c
10998
_d
10998
008
180713b ||||| |||| 00| 0 eng d
100
_a
Shakespeare
_9
4522
245
_a
The Merchant of Venice
260
_a
New Delhi